Normal view
MARC view
- Intellectual life
Entry Topical Term
001 - CONTROL NUMBER
- control field: 3713
003 - CONTROL NUMBER IDENTIFIER
- control field: NUST
005 - DATE AND TIME OF LATEST TRANSACTION
- control field: 20170802101741.0
008 - FIXED-LENGTH DATA ELEMENTS
- fixed length control field: 170802|| aca||aabn | a|a d
040 ## - CATALOGING SOURCE
- Original cataloging agency: NUST
- Transcribing agency: NUST
150 ## - HEADING--TOPICAL TERM
- Topical term or geographic name entry element: Intellectual life
- General subdivision: History.
670 ## - SOURCE DATA FOUND
- Source citation: Work cat.: (NUST)0: Durant, Will, 1885-1981. 3711, The greatest minds and ideas of all time /, 2002.
